• 首页
  • 本馆介绍
  • 公告通知
  • 最新文献
  • 馆藏检索
  • 电子资源
  • 读者导购
  • 参考咨询
  • 我的图书馆
  • 登录
  • 详细信息显示
  • 放入我的书架
  • 预约/预借图书
  • 作者相关作品
  • 分类相关作品
  • 丛书相关作品
  • 出版社相关作品

书目信息

  • 表格格式
  • 工作单格式
  • 卡片格式
题名:
商业统计学精要
    
 
作者: 詹姆斯·R·埃文斯 著 ;丁海山 , 潘文卿 译
分册:  
出版信息: 北京   中国人民大学出版社  2004
页数: 433
开本: 21cm
丛书名: 本科经济管理译丛
单 册:
中图分类: F712.3
科图分类:
主题词: 商业经济--国内
电子资源:
ISBN: 7-300-05093-X
000 00785nam0 2200229 450
001 0753815641
005 20070930145655.64
010    @a7-300-05093-X@d¥38.00
100    @a20070930d km y0chiy0120 ea
101 0  @achi
200 1  @a商业统计学精要@Ashang ye tong ji xue jing yao@f(美)詹姆斯·R·埃文斯著@F(mei)zhan mu si·R·ai wen si zhu@g潘文卿,丁海山译@Gpan wen qing,ding hai shan yi
210    @a北京@c中国人民大学出版社@d2004
215    @a433@d21cm
225 2  @a本科经济管理译丛
410  0 @12001 @a本科经济管理译丛
606 0  @a商业经济@x国内
690    @aF712.3@v3
701  0 @a詹姆斯·R·埃文斯@Azhan mu si·R·ai wen si@4著
702  0 @a丁海山@Ading hai shan@4译
702  0 @a潘文卿@Apan wen qing@4译
801  0 @aCN@bPFT@c20070930
905    @a213230@dF712.3@eg216@f1
    
    商业统计学精要/(美)詹姆斯·R·埃文斯著/潘文卿,丁海山译.-北京:中国人民大学出版社,2004
    433;21cm.-(本科经济管理译丛)
    
    
    ISBN 7-300-05093-X:¥38.00
    
●
相关链接 在E读中查询图书 在五车中查询图书 在当当中查询图书 在豆瓣中查询图书


正题名:商业统计学精要     索取号:F712.3/g216         预约/预借

序号 登录号 条形码 馆藏地/架位号 状态 备注
1 6504288   265042884   密集书库-海洋学院/ [索取号:F712.3/g216] 在馆    
唐山师范学院图书馆 欢迎您!
大连网信软件有限公司© 版权所有